000 00647nam a2200217 a 4500
001 18781
003 CO-ViMGA
008 141112s2004 ck r 000 u spa d
020 _a8497540255
040 _aCO-ViMGA
_bspa
_cCO-ViMGA
082 0 4 _a372.35 V322
100 1 _aVecchione, Glen
_926793
245 1 0 _aExperimentos sencillos sobre las leyes de la naturaleza
260 _aBarcelona :
_bOniro S.A.; 2001
300 _a127 p.
490 _aEl juego de la ciencia; 11
590 _aForma de adquisición : Premio Mincultura
650 1 4 _aCIENCIA RECREATIVA
_911968
650 1 4 _aCIENCIAS NATURALES - EXPERIMENTOS
_926794
942 _2ddc
_cBK
999 _c28010
_d28010